| 000 | 00705nam a2200253Ia 4500 | ||
|---|---|---|---|
| 003 | OSt | ||
| 005 | 20220923213409.0 | ||
| 006 | a|||||r|||| 00| 0 | ||
| 007 | ta | ||
| 008 | 220922b |||||||| |||| 00| 0 hin d | ||
| 024 | _a161,474 | ||
| 037 | _cTextual | ||
| 040 |
_aARTS _cARTS _bhin |
||
| 041 |
_2hin _ahin |
||
| 082 | _aO152,2M92,11, H6 | ||
| 100 |
_aरामकृष्ण दास _9156358 |
||
| 245 | 0 | _aसाघना | |
| 246 | _aSāghanā | ||
| 250 | _aसंस्क0 4 | ||
| 260 | _c1946 | ||
| 650 |
_aहिन्दी साहित्य _9156264 |
||
| 942 |
_hO152,2M92,11, H6 _cTEXL _2CC |
||
| 999 |
_c316145 _d316145 |
||